[Event "16.Open Seefeld"]
[Site "Oesterreich / Seefeld"]
[Date "2005.09.19"]
[Round "3"]
[White "Solaroli, Riccardo"]
[Black "Ermel, Dirk"]
[Result "1/2-1/2"]
[WhiteElo "1975"]
[BlackElo "2208"]
[PlyCount "100"]
[EventDate "2005.09.17"]

1. e4 c6 2. d4 d5 3. exd5 cxd5 4. Bd3 Nc6 5. c3 Nf6 6. Bf4 Bg4 7. Qb3 Qd7 8.
Nd2 e6 9. Ngf3 Bd6 10. Bxd6 Qxd6 11. O-O O-O 12. Rae1 Nd7 13. Re3 b5 14. Qc2
Rfc8 15. Bxh7+ Kf8 16. Qb1 f5 17. Ng5 f4 18. Qg6 Nd8 19. Rxe6 Bxe6 20. Re1 Nf6
21. Rxe6 Qxe6 22. Nxe6+ Nxe6 23. Qf5 Ke7 24. Bg6 Rc6 25. Nf3 b4 26. Ne5 Ra6 27.
Bf7 bxc3 28. bxc3 Rc8 29. Bxe6 Rxe6 30. Ng6+ Kf7 31. Ne5+ Ke7 32. Qxf4 Rxc3 33.
h3 Rb6 34. Ng6+ Kf7 35. Ne5+ Kg8 36. Qf5 Rb2 37. Qe6+ Kh7 38. Qf5+ Kg8 39. Nd7
Nxd7 40. Qxd7 Rc1+ 41. Kh2 Rcc2 42. Qxd5+ Kh7 43. a4 Rxf2 44. Qe4+ Kg8 45. d5
Rfe2 46. Qg4 Red2 47. h4 a5 48. h5 Kh8 49. Qg6 Rd4 50. Qe8+ Kh7 1/2-1/2

[Event "16.Open Seefeld"]
[Site "Oesterreich / Seefeld"]
[Date "2005.09.19"]
[Round "3"]
[White "Pieper, Harald"]
[Black "Wawrinsky, Ludwig"]
[Result "1/2-1/2"]
[WhiteElo "2094"]
[BlackElo "1916"]
[PlyCount "149"]
[EventDate "2005.09.17"]

1. d4 Nf6 2. c4 e6 3. Nc3 Bb4 4. Bd2 b6 5. Nf3 Bb7 6. e3 O-O 7. Bd3 Bxc3 8.
Bxc3 Ne4 9. Rc1 f5 10. O-O d6 11. Nd2 Nxc3 12. Rxc3 Nd7 13. e4 f4 14. Be2 Qg5
15. Bf3 e5 16. d5 Rf6 17. Bg4 Nf8 18. Bf5 Bc8 19. Bxc8 Rxc8 20. Nf3 Qh6 21. Ne1
Qg6 22. Qd3 Nd7 23. b4 Rcf8 24. Qe2 R6f7 25. f3 Qg5 26. Nd3 Rf6 27. Rf2 Rh6 28.
Kf1 Rxh2 29. Ke1 Rh1+ 30. Rf1 Rh2 31. Rf2 Qg3 32. Kd2 h5 33. Kc2 h4 34. Kb3 Rh1
35. Rf1 Rh2 36. Rf2 Rf6 37. Ne1 Rg6 38. Rc2 Rh1 39. Rf1 Rxf1 40. Qxf1 Qg5 41.
Nd3 Qe7 42. Nf2 Rg3 43. Nh1 Rg6 44. Nf2 Nf6 45. Nd3 Rh6 46. Qh1 Qd7 47. Qg1 g5
48. Nf2 g4 49. Rc3 g3 50. Nh3 Rg6 51. a4 Kf7 52. c5 bxc5 53. bxc5 Nh7 54. cxd6
cxd6 55. Qc1 Qb7+ 56. Ka3 Qb6 57. Rc7+ Kg8 58. Rc8+ Nf8 59. Qc2 a5 60. Rc6 Qb4+
61. Ka2 Nd7 62. Rc4 Qb6 63. Rc6 Qb4 64. Rc4 Qe1 65. Rc8+ Kh7 66. Rc7 Rg7 67.
Rc6 Qb4 68. Rc4 Qe1 69. Rc6 Qb4 70. Rc4 Qb7 71. Rc7 Qa8 72. Rc6 Rg6 73. Rc8 Qa6
74. Rc7 Rg7 75. Rc6 1/2-1/2

[Event "16.Open Seefeld"]
[Site "Oesterreich / Seefeld"]
[Date "2005.09.19"]
[Round "3"]
[White "Fischer, Gerd"]
[Black "Platzgummer, Peter"]
[Result "1/2-1/2"]
[WhiteElo "2039"]
[BlackElo "1911"]
[PlyCount "23"]
[EventDate "2005.09.17"]

1. Nf3 d5 2. d4 Nf6 3. Bf4 c6 4. c3 Bf5 5. e3 e6 6. Nbd2 Bd6 7. Ne5 Qc7 8. Be2
O-O 9. O-O c5 10. Bg3 Ne4 11. Nxe4 Bxe4 12. Bd3 1/2-1/2

[Event "16.Open Seefeld"]
[Site "Oesterreich / Seefeld"]
[Date "2005.09.19"]
[Round "3"]
[White "Becker, Joerg"]
[Black "Maurer, Rainer"]
[Result "1/2-1/2"]
[WhiteElo "1798"]
[BlackElo "2035"]
[PlyCount "39"]
[EventDate "2005.09.17"]

1. d4 d5 2. c4 c6 3. Nf3 Nf6 4. Bg5 Nbd7 5. cxd5 cxd5 6. e3 Ne4 7. Bf4 e6 8.
Nbd2 Ndf6 9. Bd3 Be7 10. O-O O-O 11. Qc2 Nxd2 12. Nxd2 Bd7 13. Rac1 Bc6 14. Nf3
Bd6 15. Bxd6 Qxd6 16. Qc5 Qxc5 17. Rxc5 Nd7 18. Rc3 f6 19. Rfc1 Nb6 20. Nd2
1/2-1/2

[Event "16.Open Seefeld"]
[Site "Oesterreich / Seefeld"]
[Date "2005.09.19"]
[Round "3"]
[White "Loew, Bernd"]
[Black "Favre, Bruno"]
[Result "0-1"]
[WhiteElo "1548"]
[BlackElo "2019"]
[PlyCount "52"]
[EventDate "2005.09.17"]

1. e4 c6 2. Nf3 d5 3. e5 Bg4 4. Be2 e6 5. O-O c5 6. c3 Ne7 7. d4 Nec6 8. Be3
Nd7 9. Na3 cxd4 10. cxd4 Bxa3 11. bxa3 O-O 12. Qb1 Rb8 13. Ng5 Bf5 14. Bd3 Bxd3
15. Qxd3 g6 16. Nh3 Qb6 17. Rab1 Qa6 18. Qxa6 bxa6 19. Rbc1 Rfc8 20. Rc2 Nb6
21. Rfc1 Nc4 22. Kf1 Rb5 23. Nf4 Ra5 24. Rc3 Rxa3 25. R3c2 Nb4 26. Rc3 Nxe3+
0-1

[Event "16.Open Seefeld"]
[Site "Oesterreich / Seefeld"]
[Date "2005.09.19"]
[Round "3"]
[White "Werner, Bernd"]
[Black "Duric, Rajko"]
[Result "0-1"]
[WhiteElo "2012"]
[BlackElo "1867"]
[PlyCount "126"]
[EventDate "2005.09.17"]

1. e4 d6 2. d4 Nf6 3. Bd3 Nc6 4. c3 Bg4 5. f3 Bh5 6. Ne2 e5 7. d5 Nb8 8. Qb3
Qc8 9. Be3 Be7 10. Ng3 Bg6 11. Nd2 Nfd7 12. O-O O-O 13. Rac1 b6 14. Qa4 a5 15.
b4 Na6 16. Bxa6 Rxa6 17. b5 Ra8 18. Qb3 f5 19. exf5 Bxf5 20. Nge4 Bg6 21. a4
Rf5 22. Ng3 Rf7 23. Nde4 Qd8 24. Qc4 Nf6 25. Ng5 Ne8 26. Nxf7 Bxf7 27. Qd3 Bg6
28. Ne4 Qd7 29. Qe2 Nf6 30. Nxf6+ Bxf6 31. Qd2 Qf5 32. g4 Qd3 33. Qxd3 Bxd3 34.
Rf2 Bc4 35. Rd2 h6 36. Kg2 g5 37. h4 Re8 38. hxg5 Bxg5 39. Bxg5 hxg5 40. Kf2
Rf8 41. Ke3 Rf7 42. Rh1 Kg7 43. Rh5 Kg6 44. Rdh2 Bxd5 45. Rh6+ Kg7 46. Rh7+ Kf8
47. Rxf7+ Bxf7 48. Rh8+ Ke7 49. Ke4 Bb3 50. Rh7+ Kd8 51. Rg7 Bxa4 52. Rxg5 Bxb5
53. Kd5 a4 54. c4 Be8 55. Rg7 a3 56. Rh7 a2 57. Rh1 Bf7+ 58. Ke4 Bg6+ 59. Kd5
Kd7 60. c5 bxc5 61. Ra1 Bb1 62. g5 c6+ 63. Kc4 Ke6 0-1

[Event "16.Open Seefeld"]
[Site "Oesterreich / Seefeld"]
[Date "2005.09.19"]
[Round "3"]
[White "Schett, Franz"]
[Black "Titz, Waldemar"]
[Result "1-0"]
[WhiteElo "1997"]
[BlackElo "1541"]
[PlyCount "65"]
[EventDate "2005.09.17"]

1. e4 d6 2. d4 Nf6 3. Nc3 g6 4. Bd3 Bg7 5. Nge2 c6 6. O-O O-O 7. h3 Nbd7 8. f4
e5 9. dxe5 dxe5 10. f5 Nc5 11. fxg6 fxg6 12. Be3 Nxd3 13. cxd3 Be6 14. Qc2 Nd7
15. b4 Qe7 16. b5 Rxf1+ 17. Rxf1 c5 18. a4 b6 19. Nd5 Qd6 20. Nec3 Rf8 21. Ra1
Nf6 22. Nxf6+ Bxf6 23. a5 Bd8 24. axb6 Bxb6 25. Na4 Rc8 26. Nxb6 axb6 27. Ra6
Qd8 28. Bh6 c4 29. dxc4 Rxc4 30. Qf2 Bf7 31. Rxb6 Qd1+ 32. Kh2 Rc8 33. Qf6 1-0

[Event "16.Open Seefeld"]
[Site "Oesterreich / Seefeld"]
[Date "2005.09.19"]
[Round "3"]
[White "Kozlov, Alexander"]
[Black "Schuetz, Robert"]
[Result "1-0"]
[WhiteElo "2135"]
[BlackElo "1640"]
[PlyCount "53"]
[EventDate "2005.09.17"]

1. d4 d5 2. c4 e6 3. Nf3 Nf6 4. Nc3 c5 5. cxd5 Nxd5 6. e4 Nxc3 7. bxc3 cxd4 8.
cxd4 Bb4+ 9. Bd2 Bxd2+ 10. Qxd2 O-O 11. Bc4 a6 12. a4 Nd7 13. O-O Nf6 14. Rfe1
Bd7 15. a5 Rc8 16. Bd3 h6 17. Qb4 Rc7 18. Ne5 Qc8 19. Rab1 Rd8 20. Nc4 Bc6 21.
Nb6 Qb8 22. h3 Nd7 23. d5 exd5 24. exd5 Nxb6 25. axb6 Rcd7 26. dxc6 Rd4 27. c7
1-0

[Event "16.Open Seefeld"]
[Site "Oesterreich / Seefeld"]
[Date "2005.09.19"]
[Round "3"]
[White "Born, Bernd-Ludger"]
[Black "Bungter, Hans"]
[Result "1-0"]
[WhiteElo "2036"]
[BlackElo "1628"]
[PlyCount "99"]
[EventDate "2005.09.17"]

1. d4 d5 2. Nf3 Nf6 3. c4 c6 4. Nc3 a6 5. a4 e6 6. e3 Bb4 7. Bd2 Nbd7 8. Bd3
dxc4 9. Bxc4 O-O 10. O-O Nb6 11. Bd3 c5 12. dxc5 Bxc5 13. Qc2 Qe7 14. a5 Nbd7
15. Na4 Ba7 16. Bc3 h6 17. Rfd1 Nd5 18. Bd4 Bxd4 19. Nxd4 Nb4 20. Qc3 Nxd3 21.
Rxd3 Ne5 22. Rdd1 Nc6 23. Nb6 Rb8 24. Nxc6 bxc6 25. Qxc6 Bb7 26. Qd6 Qg5 27.
Qg3 Qxg3 28. hxg3 Rfd8 29. f3 Bc6 30. Kf2 Kf8 31. Ke1 Ke7 32. Rd2 Bb5 33. Rad1
Rxd2 34. Rxd2 Rd8 35. Rxd8 Kxd8 36. b3 Kc7 37. Nc4 f6 38. g4 Kc6 39. Kd2 Kc5
40. Kc3 Kd5 41. e4+ Kc5 42. f4 Bc6 43. b4+ Kb5 44. Nd6+ Ka4 45. Kc4 f5 46. exf5
exf5 47. Nxf5 Bxg2 48. Nxg7 Bf3 49. Nf5 Bxg4 50. Nxh6 1-0

[Event "16.Open Seefeld"]
[Site "Oesterreich / Seefeld"]
[Date "2005.09.19"]
[Round "3"]
[White "Flueckiger, Juergen"]
[Black "Andreini, Gigliola"]
[Result "1-0"]
[WhiteElo "2034"]
[BlackElo "1600"]
[PlyCount "61"]
[EventDate "2005.09.17"]

1. d4 e6 2. c4 d5 3. Nf3 Nf6 4. g3 c5 5. cxd5 Nxd5 6. Bg2 Be7 7. O-O cxd4 8.
Nxd4 Bd7 9. e4 Nc7 10. Nc3 a6 11. Be3 Nc6 12. Qe2 O-O 13. Rad1 Qe8 14. Nb3 Rc8
15. Rd2 Nb8 16. Rfd1 Nb5 17. Nxb5 Bxb5 18. Qg4 e5 19. Bh3 f5 20. exf5 Bd7 21.
Qe4 Qh5 22. Bg4 Qf7 23. Rxd7 Nxd7 24. Rxd7 Rc4 25. Qf3 e4 26. Qf4 Qf6 27. Bd4
Qc6 28. Rxe7 Rc8 29. Rxg7+ Kf8 30. Qg5 Qd5 31. Qe7# 1-0

[Event "16.Open Seefeld"]
[Site "Oesterreich / Seefeld"]
[Date "2005.09.19"]
[Round "3"]
[White "Michel, Jan"]
[Black "Osswald, Michael"]
[Result "0-1"]
[WhiteElo "1454"]
[BlackElo "2004"]
[PlyCount "118"]
[EventDate "2005.09.17"]

1. e4 e5 2. Nc3 Nf6 3. Bc4 Bc5 4. d3 d6 5. h3 Be6 6. Nf3 Bxc4 7. dxc4 h6 8. O-O
Nc6 9. Re1 O-O 10. a3 Re8 11. Rb1 a6 12. Na2 Nd4 13. c3 Ne6 14. Bd2 Qd7 15. Nh2
Ba7 16. Ng4 Nh7 17. Be3 Neg5 18. Bxa7 Rxa7 19. h4 Ne6 20. Nxe5 Qd8 21. Nf3 Qf6
22. g3 Nc5 23. Kg2 Qg6 24. Qd4 Rxe4 25. Rxe4 Qxe4 26. Qxe4 Nxe4 27. Re1 Nhf6
28. Nc1 a5 29. Nd3 a4 30. Re2 Ra5 31. Nd4 Nc5 32. Nb4 Ncd7 33. Nb5 c5 34. Nc2
d5 35. Nd6 Ra6 36. Nf5 dxc4 37. Nce3 b5 38. Rd2 h5 39. Nd6 Rb6 40. f4 g6 41. f5
Ne5 42. Nc8 Rb8 43. Ne7+ Kg7 44. fxg6 fxg6 45. Kh3 b4 46. Nd1 Re8 47. Nd5 Nxd5
48. Rxd5 Nd3 49. cxb4 cxb4 50. axb4 Rb8 51. b5 Kf6 52. Rd6+ Ke5 53. Rxg6 Kd4
54. Rg5 Nxb2 55. Nxb2 a3 56. Rf5 axb2 57. Rxh5 b1=Q 58. Rg5 Rxb5 59. Rg4+ Ke3
0-1

[Event "16.Open Seefeld"]
[Site "Oesterreich / Seefeld"]
[Date "2005.09.19"]
[Round "3"]
[White "Scholz, Herbert"]
[Black "Egger, Herbert"]
[Result "1-0"]
[WhiteElo "1994"]
[BlackElo "1584"]
[PlyCount "116"]
[EventDate "2005.09.17"]

1. d4 d5 2. c4 c6 3. Nc3 e6 4. e4 Nf6 5. e5 Nfd7 6. Bd3 Be7 7. f4 f5 8. Nf3 O-O
9. Be3 dxc4 10. Bxc4 Nb6 11. Bb3 Nd5 12. Bd2 Nb4 13. Be3 Nd5 14. Bc1 Bb4 15.
Bd2 Be7 16. O-O b6 17. Nxd5 cxd5 18. Rc1 Bb7 19. Ba4 a6 20. a3 b5 21. Bb3 Nd7
22. Ng5 Bxg5 23. fxg5 g6 24. Bb4 Re8 25. Rf2 a5 26. Bd6 Rc8 27. h4 Rxc1 28.
Qxc1 Qb6 29. Qe3 Rc8 30. Qf4 a4 31. Ba2 Qc6 32. g3 Qc1+ 33. Kg2 Qxf4 34. gxf4
Nb6 35. b3 Rc3 36. bxa4 Nxa4 37. Bb4 Rc1 38. Bb3 Nc3 39. Rc2 Rxc2+ 40. Bxc2 Ne2
41. Kf2 Nxf4 42. Kf3 Nh5 43. Bd2 Bc6 44. Bd1 Ng7 45. Ke3 Kf8 46. Kd3 Ke7 47.
Kc3 Kd7 48. Kb4 Ne8 49. Kc5 Kc7 50. Be2 Kb7 51. Ba5 Ka6 52. Bd8 Bd7 53. a4 Kb7
54. axb5 f4 55. Ba5 Nc7 56. Bd2 f3 57. Bxf3 Bxb5 58. Ba5 Bc4 {
Rest der Notationen unbrauchbar !} 1-0

[Event "16.Open Seefeld"]
[Site "Oesterreich / Seefeld"]
[Date "2005.09.19"]
[Round "3"]
[White "Tessmer, Hans-Peter"]
[Black "Thonig, Manfred"]
[Result "0-1"]
[WhiteElo "1304"]
[BlackElo "1913"]
[PlyCount "68"]
[EventDate "2005.09.17"]

1. e4 g6 2. d4 Bg7 3. Nc3 c6 4. f4 d5 5. e5 Bf5 6. Nf3 e6 7. Bd3 Ne7 8. Be3 Nd7
9. Qd2 a6 10. O-O b5 11. a3 Nb6 12. b3 O-O 13. h3 Bxd3 14. Qxd3 Nf5 15. g4 Nxe3
16. Qxe3 Nd7 17. Ne2 Rc8 18. Ng3 c5 19. c3 cxd4 20. cxd4 Qb6 21. Rac1 f6 22.
Rxc8 Rxc8 23. Rc1 Rd8 24. Kf2 fxe5 25. fxe5 Rf8 26. Ke2 a5 27. Qc3 b4 28. axb4
Qb5+ 29. Qd3 Qxd3+ 30. Kxd3 Rxf3+ 31. Ke2 Rxg3 32. Rc8+ Nf8 33. bxa5 Rxb3 34.
a6 Ra3 0-1

[Event "16.Open Seefeld"]
[Site "Oesterreich / Seefeld"]
[Date "2005.09.19"]
[Round "3"]
[White "Klein, Reinhard"]
[Black "Pitts, Eamonn"]
[Result "1-0"]
[WhiteElo "1911"]
[BlackElo "1355"]
[PlyCount "67"]
[EventDate "2005.09.17"]

1. d4 d5 2. Nf3 e6 3. c4 Nf6 4. Bg5 Be7 5. e3 O-O 6. Nc3 b6 7. cxd5 exd5 8. Rc1
Bb7 9. Bd3 Nbd7 10. O-O h6 11. Bf4 a6 12. Re1 Ne4 13. a3 c5 14. Nd2 f5 15. Bb1
Rc8 16. dxc5 bxc5 17. Ndxe4 dxe4 18. Qb3+ c4 19. Qxb7 Nc5 20. Qd5+ Kh8 21. Red1
Nd3 22. Bxd3 cxd3 23. Qxd8 Rfxd8 24. Be5 Kh7 25. Bd4 g5 26. f3 f4 27. fxe4 d2
28. Rc2 Bc5 29. Bxc5 Rxc5 30. exf4 gxf4 31. Rcxd2 Rxd2 32. Rxd2 Rc7 33. Rd6 a5
34. Kf2 1-0

[Event "16.Open Seefeld"]
[Site "Oesterreich / Seefeld"]
[Date "2005.09.19"]
[Round "3"]
[White "Brett, Digby"]
[Black "Disselberger, Alfons"]
[Result "1-0"]
[WhiteElo "1869"]
[BlackElo "1290"]
[PlyCount "100"]
[EventDate "2005.09.17"]

1. e4 e6 2. d4 d5 3. Nc3 Bb4 4. e5 Bxc3+ 5. bxc3 Nd7 6. Bd3 c5 7. Nf3 cxd4 8.
cxd4 Nb6 9. O-O Ne7 10. Qe2 Nf5 11. a4 O-O 12. a5 Nd7 13. c4 a6 14. cxd5 Nb8
15. Bd2 Qxd5 16. Bc4 Qd7 17. Rfd1 Nc6 18. Bc3 Qe7 19. d5 exd5 20. Bxd5 Be6 21.
Qe4 Rfc8 22. Rac1 Rab8 23. Be1 g6 24. Bd2 Bxd5 25. Qxd5 Qe6 26. Qxe6 fxe6 27.
Bc3 Rd8 28. Ng5 Ng7 29. g4 Rxd1+ 30. Rxd1 Rd8 31. Rxd8+ Nxd8 32. Ne4 Ne8 33.
Nf6+ Nxf6 34. exf6 Nc6 35. f4 Kf7 36. g5 Nd8 37. Kf2 Kg8 38. Ke3 Nf7 39. Ke4
Nd8 40. Ke5 Kf7 41. Kd6 Ke8 42. Kc7 e5 43. Bxe5 Nc6 44. Bc3 Nd8 45. h4 Ne6+ 46.
Kxb7 Nxf4 47. Kxa6 Ng2 48. Kb7 Nxh4 49. a6 Nf5 50. a7 Nd6+ 1-0

[Event "16.Open Seefeld"]
[Site "Oesterreich / Seefeld"]
[Date "2005.09.19"]
[Round "3"]
[White "Gestrich, Wolfgang"]
[Black "Dalla Santa, Odile"]
[Result "1-0"]
[WhiteElo "1767"]
[BlackElo "1120"]
[PlyCount "55"]
[EventDate "2005.09.17"]

1. c4 c5 2. Nc3 e6 3. e4 d6 4. g3 Nf6 5. Bg2 Be7 6. Nge2 b6 7. e5 dxe5 8. Bxa8
Bd7 9. Bg2 O-O 10. O-O Na6 11. a3 Nc7 12. b3 Nfe8 13. Bb2 a6 14. Na2 b5 15.
Bxe5 f6 16. Bb2 Nd6 17. d3 e5 18. Nac3 Be6 19. Re1 b4 20. axb4 cxb4 21. Ne4 f5
22. Nc5 Qc8 23. Bxe5 Rf7 24. Nf4 g5 25. Nfxe6 Nxe6 26. Nxa6 Nc5 27. Nxb4 Ne6
28. Ra8 1-0

[Event "16.Open Seefeld"]
[Site "Oesterreich / Seefeld"]
[Date "2005.09.20"]
[Round "4"]
[White "Ivanov, Michail"]
[Black "Rotstein, Arkadij"]
[Result "1/2-1/2"]
[WhiteElo "2426"]
[BlackElo "2520"]
[PlyCount "21"]
[EventDate "2005.09.17"]

1. d4 Nf6 2. c4 e6 3. Nf3 d5 4. g3 Be7 5. Bg2 O-O 6. O-O c6 7. b3 Nbd7 8. Bb2
b6 9. Nc3 Bb7 10. Rc1 Rc8 11. Qd3 1/2-1/2

[Event "16.Open Seefeld"]
[Site "Oesterreich / Seefeld"]
[Date "2005.09.20"]
[Round "4"]
[White "Feige, Manuel"]
[Black "Levin, Felix"]
[Result "1/2-1/2"]
[WhiteElo "2387"]
[BlackElo "2498"]
[PlyCount "104"]
[EventDate "2005.09.17"]

1. d4 d5 2. c4 dxc4 3. Nf3 Nf6 4. e3 e6 5. Bxc4 a6 6. a4 b6 7. O-O Bb7 8. Qe2
Nbd7 9. Nc3 c5 10. Rd1 Qc7 11. d5 exd5 12. Nxd5 Nxd5 13. Bxd5 Bxd5 14. Rxd5 Be7
15. e4 O-O 16. Bg5 Bxg5 17. Rxg5 Rfe8 18. Re1 Nf8 19. e5 Qc6 20. Qc2 Rad8 21.
Rg4 Qd7 22. h3 Qd3 23. Qc1 Rd5 24. Rge4 b5 25. axb5 axb5 26. Qf4 Ne6 27. Qg4
Qc2 28. R4e2 Qg6 29. Qh4 h6 30. Re4 Ng5 31. Nxg5 Qxg5 32. Qxg5 hxg5 33. e6 Rxe6
34. Rxe6 fxe6 35. Rxe6 c4 36. Rb6 Kf7 37. Kf1 Re5 38. g3 Ke7 39. Rg6 Kf7 40.
Rb6 Ke7 41. f4 gxf4 42. gxf4 Rh5 43. Kf2 Kd7 44. Ke2 Kc7 45. Rg6 Rxh3 46. Rxg7+
Kd6 47. Rg2 Rb3 48. Kd1 Rf3 49. Rg5 Kc6 50. Rf5 Rf2 51. Kc1 Kb6 52. b4 cxb3 {
Rest der Notationen unbrauchbar !} 1/2-1/2

[Event "16.Open Seefeld"]
[Site "Oesterreich / Seefeld"]
[Date "2005.09.20"]
[Round "4"]
[White "van der Weide, Karel"]
[Black "Rausch, Stephan"]
[Result "1-0"]
[WhiteElo "2482"]
[BlackElo "2337"]
[PlyCount "75"]
[EventDate "2005.09.17"]

1. e4 e6 2. d4 d5 3. Nc3 Bb4 4. e5 c5 5. a3 Bxc3+ 6. bxc3 Ne7 7. Qg4 O-O 8. Bd3
Nd7 9. Nf3 f5 10. Qh3 Qa5 11. Bd2 Nb6 12. g4 Nc4 13. gxf5 Nxf5 14. Rg1 Nxd2 15.
Kxd2 cxd4 16. Nxd4 Bd7 17. Bxf5 exf5 18. Qh6 Rf7 19. e6 Kh8 20. Qh3 Bxe6 21.
Nxe6 d4 22. Ng5 Qxc3+ 23. Qxc3 dxc3+ 24. Kxc3 Rc7+ 25. Kb2 Rac8 26. Rac1 Rc6
27. Rg3 h6 28. Nf7+ Kh7 29. Rd3 a5 30. Ne5 Rc5 31. f4 b5 32. c3 R8c7 33. Rcd1
b4 34. axb4 axb4 35. c4 g5 36. Rd7+ Rxd7 37. Rxd7+ Kg8 38. Kb3 1-0

[Event "16.Open Seefeld"]
[Site "Oesterreich / Seefeld"]
[Date "2005.09.20"]
[Round "4"]
[White "Antic, Dejan"]
[Black "Tscharotschkin, Michael"]
[Result "1-0"]
[WhiteElo "2512"]
[BlackElo "2243"]
[PlyCount "101"]
[EventDate "2005.09.17"]

1. d4 d5 2. c4 Bf5 3. Nc3 e6 4. Nf3 Nc6 5. Bf4 Nf6 6. e3 Be7 7. Rc1 O-O 8. a3
Ne4 9. cxd5 Nxc3 10. Rxc3 exd5 11. Bb5 Bd7 12. O-O Rc8 13. Bd3 Be8 14. Qc2 h6
15. Rc1 Bd6 16. Bxd6 Qxd6 17. Rc5 Rb8 18. b4 Nd8 19. Ne5 c6 20. Rc3 a6 21. Rb3
Ne6 22. a4 Rc8 23. Qb1 f6 24. Ng6 Bxg6 25. Bxg6 Nc7 26. Bf5 Ra8 27. Qc2 Kf7 28.
h3 Rfd8 29. Re1 Ne6 30. b5 cxb5 31. axb5 Rdc8 32. Qe2 a5 33. Qh5+ Kg8 34. e4
Nf4 35. Qg4 h5 36. Qd1 Rc7 37. g3 g6 38. gxf4 gxf5 39. Rg3+ Rg7 40. Rxg7+ Kxg7
41. e5 Qb4 42. Kh2 Kh6 43. Rg1 Qxb5 44. Qf3 Qd7 45. Qg2 Qf7 46. e6 Qh7 47. Qxd5
a4 48. Qd6 a3 49. d5 a2 50. e7 Qf7 51. Qd8 1-0

[Event "16.Open Seefeld"]
[Site "Oesterreich / Seefeld"]
[Date "2005.09.20"]
[Round "4"]
[White "Weinzettl, Ernst"]
[Black "Ballon, Guenther-Jan"]
[Result "1-0"]
[WhiteElo "2347"]
[BlackElo "2213"]
[PlyCount "65"]
[EventDate "2005.09.17"]

1. e4 e5 2. Nf3 Nc6 3. Bb5 g6 4. d4 exd4 5. Bg5 Be7 6. Bxe7 Ngxe7 7. Nxd4 d5 8.
Nc3 dxe4 9. Nxe4 O-O 10. Bxc6 Nxc6 11. Nxc6 bxc6 12. O-O Bf5 13. Re1 Rb8 14. b3
Bxe4 15. Rxe4 Qf6 16. Qd4 Qf5 17. Rae1 Rbd8 18. Qe3 Rd6 19. h3 a5 20. Re2 Qf6
21. Qh6 Rd1+ 22. Kh2 Ra1 23. Rh4 Qh8 24. a4 Rd1 25. Re7 Rd4 26. Rf4 Rxf4 27.
Qxf4 Qc3 28. Re2 Rc8 29. g3 Qc5 30. Qe5 Qxe5 31. Rxe5 Ra8 32. g4 h6 33. h4 1-0

[Event "16.Open Seefeld"]
[Site "Oesterreich / Seefeld"]
[Date "2005.09.20"]
[Round "4"]
[White "Lagrotteria, Salvatore"]
[Black "Heinig, Wolfram"]
[Result "0-1"]
[WhiteElo "2214"]
[BlackElo "2319"]
[PlyCount "38"]
[EventDate "2005.09.17"]

1. d4 Nf6 2. c4 c5 3. d5 b5 4. cxb5 a6 5. b6 Qxb6 6. Nc3 d6 7. Nf3 g6 8. Nd2
Bg7 9. Nc4 Qb4 10. Qb3 Nxd5 11. Qxb4 Nxb4 12. Nb6 Ra7 13. Nxc8 Rb7 14. Kd1 O-O
15. Nxe7+ Rxe7 16. a3 N4c6 17. e3 d5 18. Nxd5 Rd8 19. Bc4 Re4 0-1

[Event "16.Open Seefeld"]
[Site "Oesterreich / Seefeld"]
[Date "2005.09.20"]
[Round "4"]
[White "Schunk, Thomas"]
[Black "Keller, Manfred"]
[Result "1-0"]
[WhiteElo "2315"]
[BlackElo "2184"]
[PlyCount "101"]
[EventDate "2005.09.17"]

1. c4 e6 2. Nf3 d5 3. Qc2 Nf6 4. b3 Be7 5. Bb2 O-O 6. e3 c5 7. Be2 Nc6 8. d4
cxd4 9. exd4 Bb4+ 10. Nbd2 Ne4 11. O-O Nxd2 12. Nxd2 dxc4 13. Bxc4 Nxd4 14. Qe4
Ne2+ 15. Bxe2 Qxd2 16. Bd3 f5 17. Qd4 e5 18. Qxe5 Qh6 19. Bc4+ Kh8 20. Rad1 Qf6
21. Qxf6 gxf6 22. Rd8 Kg7 23. Rxf8 Bxf8 24. Rd1 b5 25. Bxb5 Be6 26. Kf1 Rc8 27.
Rc1 Rxc1+ 28. Bxc1 Bc5 29. Bc4 Bd7 30. Be3 Bxe3 31. fxe3 Kf8 32. Ke2 Ke7 33.
Kd3 Kd6 34. Kd4 Bc6 35. g3 h6 36. b4 Bd7 37. b5 Bc8 38. Bd5 Bd7 39. a4 Be8 40.
Bc4 Bd7 41. Bd3 Be6 42. a5 Bc8 43. Bc4 Bd7 44. h4 Bc8 45. Bd5 Bd7 46. b6 axb6
47. axb6 Bb5 48. b7 Kc7 49. Kc5 Bd3 50. b8=Q+ Kxb8 51. Kd6 1-0

[Event "16.Open Seefeld"]
[Site "Oesterreich / Seefeld"]
[Date "2005.09.20"]
[Round "4"]
[White "Dittmar, Peter"]
[Black "Gruber, Michael"]
[Result "1-0"]
[WhiteElo "2326"]
[BlackElo "2122"]
[PlyCount "75"]
[EventDate "2005.09.17"]

1. d4 f5 2. Nf3 Nf6 3. Bf4 g6 4. e3 Bg7 5. Bc4 d5 6. Be2 Be6 7. O-O Bf7 8. Ne5
Nbd7 9. Nxf7 Kxf7 10. c4 e6 11. Qb3 Qc8 12. Nc3 c6 13. Rac1 Nb6 14. cxd5 Nfxd5
15. Bg3 Nxc3 16. bxc3 Re8 17. a4 Nd5 18. c4 Nf6 19. Bf3 g5 20. Be2 Re7 21. Bd6
Rd7 22. c5 Bf8 23. Be5 Re7 24. Bd3 Kg6 25. e4 Qd7 26. h3 h5 27. Rfe1 Rf7 28.
Bc4 Re7 29. Bd6 Nxe4 30. Rxe4 fxe4 31. Bxe7 Qxe7 32. Qe3 Qf6 33. Qxe4+ Qf5 34.
Qe2 Qf6 35. Re1 Rd8 36. Qc2+ Kg7 37. Rxe6 Qxd4 38. Rg6+ 1-0

[Event "16.Open Seefeld"]
[Site "Oesterreich / Seefeld"]
[Date "2005.09.20"]
[Round "4"]
[White "Schmidt, Juergen"]
[Black "Pilz, Dieter"]
[Result "0-1"]
[WhiteElo "2122"]
[BlackElo "2303"]
[PlyCount "62"]
[EventDate "2005.09.17"]

1. e4 e5 2. Nf3 Nc6 3. Bb5 Nf6 4. O-O Nxe4 5. d4 Nd6 6. Ba4 e4 7. Ng5 Be7 8.
Qg4 h5 9. Qh4 Nxd4 10. f4 c6 11. c3 Ne2+ 12. Kh1 Nxc1 13. Rxc1 Nf5 14. Qe1 d5
15. c4 O-O 16. Nc3 e3 17. cxd5 cxd5 18. Qd1 d4 19. Nce4 g6 20. Qd3 Bd7 21. Bb3
Bc6 22. Rxc6 bxc6 23. Rc1 Rb8 24. Rxc6 Rxb3 25. Qxb3 e2 26. Nf3 Qa5 27. Rc1 Bb4
28. g3 e1=Q+ 29. Nxe1 Bxe1 30. Rc5 Qa6 31. Rb5 Qc6 0-1

[Event "16.Open Seefeld"]
[Site "Oesterreich / Seefeld"]
[Date "2005.09.20"]
[Round "4"]
[White "Kesik, Klaus-Dieter"]
[Black "Riedl, Johannes"]
[Result "1-0"]
[WhiteElo "2266"]
[BlackElo "2118"]
[PlyCount "49"]
[EventDate "2005.09.17"]

1. d4 e6 2. Nf3 Nf6 3. g3 b6 4. Bg2 Bb7 5. O-O Be7 6. c4 O-O 7. Nc3 d6 8. d5 e5
9. e4 Nbd7 10. Nh4 Ne8 11. Nf5 Bf6 12. Qg4 g6 13. Bh6 Ng7 14. Ne3 Bc8 15. f4
exf4 16. gxf4 Bd4 17. Qf3 f5 18. Kh1 Bxc3 19. bxc3 fxe4 20. Qxe4 Nc5 21. Qd4
Qf6 22. Rae1 Bf5 23. Bf3 Rae8 24. Qxf6 Rxf6 25. Bxg7 1-0

[Event "16.Open Seefeld"]
[Site "Oesterreich / Seefeld"]
[Date "2005.09.20"]
[Round "4"]
[White "Kyas, Juergen"]
[Black "Oettinger, Hagen"]
[Result "1-0"]
[WhiteElo "2240"]
[BlackElo "2100"]
[PlyCount "63"]
[EventDate "2005.09.17"]

1. e4 Nf6 2. e5 Nd5 3. d4 d6 4. Nf3 g6 5. Bc4 Nb6 6. Bb3 Bg7 7. O-O Nc6 8. Qe2
O-O 9. h3 dxe5 10. dxe5 Nd4 11. Nxd4 Qxd4 12. Re1 Bd7 13. Nc3 h6 14. e6 Bxe6
15. Bxe6 fxe6 16. Qxe6+ Kh7 17. Be3 Qf6 18. Qe4 c6 19. Rad1 e5 20. Qb4 Rf7 21.
Bxb6 axb6 22. Ne4 Qe7 23. Qxb6 Rxa2 24. Qb3 Ra8 25. Rd6 Rf4 26. Qd3 Raf8 27.
Rd7 Qb4 28. c3 Qxb2 29. Rb1 Qa2 30. Rbxb7 R4f7 31. c4 Kg8 32. Nf6+ 1-0

[Event "16.Open Seefeld"]
[Site "Oesterreich / Seefeld"]
[Date "2005.09.20"]
[Round "4"]
[White "Schmidt, Wolfgang"]
[Black "Wiesinger, Robert"]
[Result "0-1"]
[WhiteElo "2091"]
[BlackElo "2235"]
[PlyCount "44"]
[EventDate "2005.09.17"]

1. e4 e5 2. Nf3 Nc6 3. Bc4 Bc5 4. Nc3 Nf6 5. d3 d6 6. Bg5 Na5 7. a3 Nxc4 8.
dxc4 h6 9. Bh4 Be6 10. Qe2 g5 11. Bg3 Nh5 12. b4 Bb6 13. c5 Nxg3 14. hxg3 dxc5
15. bxc5 Ba5 16. Qe3 f6 17. O-O c6 18. Rfd1 Qe7 19. Rd6 Bc7 20. Rd2 O-O 21. Nd5
cxd5 22. exd5 Ba5 0-1